Practical research : (Record no. 93399)

MARC details
000 -LEADER
fixed length control field 00683nam a22002297a 4500
003 - CONTROL NUMBER IDENTIFIER
control field OSt
005 - DATE AND TIME OF LATEST TRANSACTION
control field 20251103083855.0
008 - FIXED-LENGTH DATA ELEMENTS--GENERAL INFORMATION
fixed length control field 251103b |||||||| |||| 00| 0 eng d
020 ## - INTERNATIONAL STANDARD BOOK NUMBER
International Standard Book Number 9781292449586
040 ## - CATALOGING SOURCE
Transcribing agency HS LRC
050 ## - LIBRARY OF CONGRESS CALL NUMBER
Classification number Q 180.55
Item number .Or73 2024
100 ## - MAIN ENTRY--PERSONAL NAME
Personal name Ormrod, Jeanne Ellis
9 (RLIN) 20778
245 ## - TITLE STATEMENT
Title Practical research :
Remainder of title design and process /
Statement of responsibility, etc. Jeanne Ellis Ormrod.
250 ## - EDITION STATEMENT
Edition statement 13th, global ed.
260 ## - PUBLICATION, DISTRIBUTION, ETC. (IMPRINT)
Place of publication, distribution, etc. Harlow, England :
Name of publisher, distributor, etc. Pearson,
Date of publication, distribution, etc. c2024.
265 ## - SOURCE FOR ACQUISITION/SUBSCRIPTION ADDRESS [OBSOLETE]
Source for acquisition/subscription address ForeFront Book Co., Inc.
300 ## - PHYSICAL DESCRIPTION
Extent 524 pages :
Other physical details color illustrations ;
Dimensions 28 cm.
365 ## - TRADE PRICE
Price amount 7,904.00
504 ## - BIBLIOGRAPHY, ETC. NOTE
Bibliography, etc Includes glossary, references and index.
650 ## - SUBJECT ADDED ENTRY--TOPICAL TERM
Topical term or geographic name as entry element Research
General subdivision Methodology
9 (RLIN) 19625
942 ## - ADDED ENTRY ELEMENTS (KOHA)
Source of classification or shelving scheme Library of Congress Classification
Koha item type Books
Holdings
Withdrawn status Lost status Source of classification or shelving scheme Damaged status Not for loan Collection code Home library Current library Shelving location Date acquired Source of acquisition Cost, normal purchase price Inventory number Total Checkouts Full call number Barcode Date last seen Copy number Cost, replacement price Price effective from Koha item type
    Library of Congress Classification     Circulation DLSU-D HS Learning Resource Center DLSU-D HS Learning Resource Center Circulation 06/24/2025 HS LRC SY 2024-2025 7904.00 CIR-001947   Q 180.55 .Or73 2024 3HS00000001947 11/03/2025 001947 7904.00 11/03/2025 Books